01841nam a2200301Ia 4500952011000000952009800110952011000208952009800318952009800416999001700514008004100531020001800572050002200590100002800612240004600640245014200686260003300828300001900861500005300880500011300933504003601046505033201082519006401414650002501478650001701503650001201520942000701532 00104070a11b11d2012-03-13l1oRC480 W3718 2002p11 009452r2013-04-04s2013-04-04t1w2012-06-26yLB 00104070a11b11d2012-03-13l0oRC480 W3718 2002p11 009453r2012-06-26t2w2012-06-26yLB 00104070a11b11d2012-03-13l1oRC480 W3718 2002p11 009454r2013-04-10s2013-04-10t3w2012-06-26yLB 00104070a11b11d2012-03-13l0oRC480 W3718 2002p11 009455r2012-06-26t4w2012-06-26yLB 00104070a11b11d2012-04-13l0oRC480 W3718 2002p11 009497r2012-06-26t5w2012-06-26yLB c72940d72940120626s2002 sp a 000 0 spa d a9788425411229 aRC480bW3718 2002 aWatzlawick, Pauleautor aDie Möglichkeit Anderssins lEspañol  aEl lenguaje del cambiob: Nueva técnica de la comunicación terapéutica c/ Paul, Watzlawick; traduccción de Marciano, Villanueva  aBarcelonab: Herder c, 2002 a170 páginas  aTítulo original: Die Möglichkeit Anderssins  aIncluye: Indice (p.5), Prólogo (pp. 7 - 8), Notas (pp. 145 - 155), Índice alfabético (pp. 165 - 170)  aBibliografía: (pp. 157 - 163) aA título de introducción Nuestros dos lenguajes Nuestros dos cerebros Comprobaciones experimentales Concepciones del mundo Formas lingüísticas del hemisferio cerebral derecho El bloqueo del hemisferio cerebral izquierdo Prescripciones de comportamiento Todo menos esto Rituales Observaciones finales  aMaterial Complementario/ bPsicología / d(11 009453)  0aPSICOLINGÜÍSTICA 0aPSICOTERAPIA 0aCEREBRO cLB